000 00855nam a2200133Ia 4500
008 220620s9999||||xx |||||||||||||| ||und||
020 _a978-3-7489-1201-9
245 0 _aConstitutional Review in the Middle East and North Africa
546 _aEnglish[eng]
650 _aArab Spring, Arabic countries, MENA, Naher Osten, Nahost, Nordafrika, Verfassungskontrolle, Verfassungsvergleich, courts, development, electoral law, fundamental rights, judicial power, religious law, constitutional law, constitutional courts, constitutional review, judicial review, Middle East, North Africa, Arab countries, Middle Eastern Law and Politics, comparative constitutional law, rule of law, judiciary, constitutional council
700 _aSchoeller-Schletter, Anja
856 _udoi.org/10.5771/9783748912019
942 _cEB
999 _c26918
_d26918